Country Star Deluxe Difficulties #3 - Statistics

General Stats
  • This quiz has been taken 7 times
  • The average score is 11 of 15
Answer Stats
Hint Extra Hint Answer % Correct
It's Five O'Clock Somewhere Alan Jackson, Jimmy Buffett Hard
100%
Jolene Dolly Parton Hard
100%
Loud & Heavy Cody Jinks Hard
80%
Man! I Feel Like a Woman! Shania Twain Hard
80%
On the Road Again Willie Nelson Hard
80%
One Thing at a Time Morgan Wallen Hard
80%
Pour Me a Drink Post Malone, Blake Shelton Hard
80%
Ramblin' Man Allman Brothers Band Hard
80%
Ring of Fire Johnny Cash Hard
80%
Sharp Dressed Man ZZ Top Hard
80%
Red HARDY, Morgan Wallen Hard
60%
Somewhere Between Dylan Gossett Hard
60%
Song of the South Alabama Hard
60%
Last Night Morgan Wallen Normal
40%
Something in the Orange Zach Bryan Normal
20%
No matching quizzes found
Score Distribution
Percent of People with Each Score
Percentile by Number Answered
Your Score History
You have not taken this quiz